Guess the Taylor Swift song #2 - Statistics

General Stats
  • This quiz has been taken 14 times
  • The average score is 282 of 378
Answer Stats
Answer % Correct
a
100%
I
100%
we
100%
We
100%
all
92%
and
92%
And
92%
are
92%
at
92%
be
92%
But
92%
but
92%
can
92%
Can
92%
don't
92%
I'm
92%
in
92%
it
92%
it's
92%
know
92%
like
92%
Like
92%
me
92%
my
92%
no
92%
not
92%
on
92%
Say
92%
say
92%
so
92%
So
92%
the
92%
to
92%
When
92%
You
92%
you
92%
your
92%
you're
92%
You're
92%
Cause
83%
down
83%
is
83%
I've
83%
just
83%
never
83%
out
83%
that
83%
too
83%
Why
83%
with
83%
calm
75%
cop-out
75%
hey
75%
knock
75%
less
75%
loud
75%
need
75%
night
75%
ok
75%
somebody
75%
street
75%
taking
75%
that's
75%
tweet
75%
who
75%
would
75%
7
67%
a.m.
67%
being
67%
damn
67%
fun
67%
learned
67%
lesson
67%
mad
67%
oh
67%
see
67%
shots
67%
stop
67%
then
67%
about
58%
anybody
58%
coming
58%
dark
58%
friends
58%
GLAAD
58%
gown
58%
made
58%
Making
58%
mess
58%
now
58%
parade
58%
Patron
58%
rather
58%
self
58%
shade
58%
step
58%
stressin
58%
take
58%
there
58%
try
58%
trying
58%
ages
50%
ain't
50%
bones
50%
bout
50%
broke
50%
else
50%
expression
50%
gay
50%
got
50%
gowns
50%
must've
50%
obsessin
50%
our
50%
sign
50%
taken
50%
crowns
42%
his
42%
over
42%
stones
42%
Sunshine
42%
uh
42%
Uh
42%
hate
33%
missile
33%
seats
33%
several
33%
snakes
33%
Comparing
25%
figured
25%
girls
25%
internet
25%
killing
25%
peace
25%
people
25%
restore
25%
scream
25%
streets
25%
control
17%
urges
17%
No matching quizzes found
Score Distribution
Percent of People with Each Score
Percentile by Number Answered
Your Score History
You have not taken this quiz